00520nam a2200169Ia 450000500170000000800410001704000190005804100120007708200240008910000260011324500680013926000330020730000100024065000670025065100230031785000100034020230429110037.0131103s9999 xx 000 0 und d aLoreto College aEnglish aTAG 891.44bTAG-DAS aDasgupta, Sashibhusan aUpanishader potobhumikaye Rabindra-manashcSashibhusan Dasgupta aCalcuttabA. Mukherjeec1961 a268p  aTagore, Rabindranath, 1861-1941 - Criticism and Interpretation aBengali Literature aLCLIB